Ανάλυση χημικών διεργασιών : βασικοί υπολογισμοί και ισοζύγια

Αποθηκεύτηκε σε:
Λεπτομέρειες βιβλιογραφικής εγγραφής
Κύριος συγγραφέας: Κούκος, Ιωάννης Κ.
Μορφή: Βιβλίο
Γλώσσα:Greek
Δημοσίευση: Θεσσαλονίκη : Τζιόλας, c2018.
Έκδοση:2η εκδ.
Θέματα:
Ετικέτες: Προσθήκη ετικέτας
Δεν υπάρχουν, Καταχωρήστε ετικέτα πρώτοι!

MARC

LEADER 00000nam a2200000 a 4500
001 1/118000
008 190206s2018####gr ||||||| |||| ||gre||
020 |a 9789604187607 
040 |a GR-MyUa  |b gre  |c GR-MyUa  |e AACR2 
041 0 |a gre 
082 7 |a 660.284   |2 (23) 
100 1 |a Κούκος, Ιωάννης Κ. 
245 1 0 |a Ανάλυση χημικών διεργασιών :   |b βασικοί υπολογισμοί και ισοζύγια /   |c Ιωάννης Κ. Κούκος.  
250 |a 2η εκδ.  
260 |a Θεσσαλονίκη :   |b Τζιόλας,   |c c2018.  
300 |a 568 σ. ;   |c 29 εκ.  
650 0 |a Chemical processes. 
650 0 |a Chemical engineering. 
852 |a INST  |b LESVOS  |c EUDOXUS  |e 20190206  |h 660.284 ΚΟΥ  |p 005100062054  |q 005100062054  |t EDX  |y 0 
920 |a Εύδοξος   |b Παραγγελία   |y Λέσβος-ΤΠ  |z 2019-02 
970 |a Δημάκη   |b Μαρία   |z 06-02-2019